[Event "Wch Juvenil 2010 sub16 Femenino"]
[Site "Porto Carras GRE"]
[Date "2010.10.21"]
[Round "2.10"]
[White "Saranya, J."]
[Black "Chkhan, Viktoria"]
[Result "1-0"]
[WhiteElo "2121"]
[BlackElo "1982"]
[PlyCount "105"]
[EventDate "2010.10.20"]
[EventType "swiss"]
[EventRounds "11"]
[EventCountry "GRE"]
[Source "lmi"]
[SourceDate "2010.10.20"]

1. e4 e6 2. Nf3 d5 3. Nc3 Nf6 4. e5 Nfd7 5. d4 c5 6. dxc5 Bxc5 7. Bd3 f6 8.
exf6 Nxf6 9. Bf4 Nc6 10. O-O O-O 11. Ne5 Bd6 12. Qe2 Ne4 13. Nxc6 bxc6 14. Bxd6
Nxd6 15. Rae1 Rf6 16. Kh1 c5 17. b3 Bd7 18. f4 Qf8 19. Qf2 Rc8 20. Qh4 Rh6 21.
Qg5 Qf6 22. Qxf6 Rxf6 23. Be2 c4 24. b4 d4 25. Bf3 dxc3 26. Rd1 Ba4 27. Rxd6
Bxc2 28. Rc1 Bd3 29. Rxc3 Rb8 30. a3 a5 31. Kg1 axb4 32. axb4 Rxb4 33. Kf2 Kf7
34. Rd7+ Kg6 35. Ra3 Kh6 36. Ke3 g5 37. fxg5+ Kxg5 38. g3 Bg6 39. h4+ Kh6 40.
g4 Rxf3+ 41. Kxf3 Rb3+ 42. Rxb3 cxb3 43. Rb7 Bc2 44. Kf4 Kg6 45. Ke5 Bd1 46.
Rb4 Kf7 47. h5 Kg7 48. Kf4 Kf6 49. g5+ Kg7 50. Rb7+ Kg8 51. h6 Bc2 52. Ke5 Bf5
53. Kf6 1-0

[Event "Wch Juvenil 2010 sub16 Femenino"]
[Site "Porto Carras GRE"]
[Date "2010.10.21"]
[Round "2.11"]
[White "Khalaji, Hanieh"]
[Black "Iwanow, Anna"]
[Result "0-1"]
[WhiteElo "1947"]
[BlackElo "2112"]
[PlyCount "66"]
[EventDate "2010.10.20"]
[EventType "swiss"]
[EventRounds "11"]
[EventCountry "GRE"]
[Source "lmi"]
[SourceDate "2010.10.20"]

1. e4 e5 2. Nf3 Nc6 3. Bc4 Nf6 4. d3 Bc5 5. c3 d6 6. h3 a6 7. Bb3 Ba7 8. O-O h6
9. Re1 g5 10. Nh2 Rg8 11. Qf3 h5 12. Be3 g4 13. hxg4 hxg4 14. Qe2 Nh5 15. Bxa7
Nf4 16. Qe3 Nxa7 17. Nd2 Qf6 18. d4 Nc6 19. d5 Ne7 20. Ba4+ Kf8 21. Bd1 Qh6 22.
Ndf1 f5 23. c4 Bd7 24. Qb3 b6 25. Qa3 Kf7 26. Ba4 b5 27. Bc2 Rg5 28. Qa5 Rh5
29. Qc3 Rh8 30. Qg3 Ne2+ 31. Rxe2 f4 32. Qc3 Rxh2 33. f3 g3 0-1

[Event "Wch Juvenil 2010 sub16 Femenino"]
[Site "Porto Carras GRE"]
[Date "2010.10.21"]
[Round "2.12"]
[White "Gagare, Shalmali"]
[Black "Unapkoshvili, Nani"]
[Result "1-0"]
[WhiteElo "2110"]
[BlackElo "1974"]
[PlyCount "39"]
[EventDate "2010.10.20"]
[EventType "swiss"]
[EventRounds "11"]
[EventCountry "GRE"]
[Source "lmi"]
[SourceDate "2010.10.20"]

1. Nf3 d5 2. c4 d4 3. g3 c5 4. Bg2 Nc6 5. d3 e5 6. O-O Bd6 7. a3 f5 8. b4 cxb4
9. Qc2 Qe7 10. e3 Bc5 11. exd4 Bxd4 12. Bb2 Qd6 13. Nxd4 exd4 14. axb4 Nge7 15.
b5 Ne5 16. c5 Qd7 17. Re1 N5g6 18. c6 Qc7 19. cxb7 Qxc2 20. bxa8=Q 1-0

[Event "Wch Juvenil 2010 sub16 Femenino"]
[Site "Porto Carras GRE"]
[Date "2010.10.21"]
[Round "2.13"]
[White "Narva, Triin"]
[Black "Bea, Boglarka"]
[Result "1-0"]
[WhiteElo "1929"]
[BlackElo "2109"]
[PlyCount "107"]
[EventDate "2010.10.20"]
[EventType "swiss"]
[EventRounds "11"]
[EventCountry "GRE"]
[Source "lmi"]
[SourceDate "2010.10.20"]

1. e4 c5 2. Nf3 e6 3. b3 Nc6 4. Bb2 d5 5. exd5 exd5 6. Bb5 Nf6 7. O-O Be7 8.
Ne5 Qc7 9. Re1 Be6 10. f4 O-O 11. Bxc6 bxc6 12. Nc3 d4 13. Na4 Nd5 14. g3 Nb6
15. Nxb6 axb6 16. Qe2 Rfe8 17. c3 Rad8 18. Rac1 dxc3 19. dxc3 c4 20. b4 b5 21.
Qf2 Bd5 22. Rcd1 Qb7 23. a3 Bd6 24. Ng4 Qd7 25. Ne5 Qh3 26. Qf1 Qf5 27. Nf3 Be4
28. Nd4 Qg6 29. Qf2 h5 30. Re3 f5 31. Rde1 Bc7 32. h3 Ra8 33. Kh2 Bb6 34. Qe2
Red8 35. Rd1 Bc7 36. Qf2 h4 37. Rg1 Qh6 38. Bc1 Kh7 39. Ree1 hxg3+ 40. Rxg3 Rd7
41. Reg1 Re8 42. Rg5 Rde7 43. Qg3 Bd5 44. h4 Qf6 45. Rg6 Qf8 46. Qg5 Bb6 47.
Qh5+ Kg8 48. Rh6 Re2+ 49. Kh3 R8e3+ 50. Bxe3 Rxe3+ 51. Kh2 Re2+ 52. Qxe2 Qb8
53. Rxg7+ Kxg7 54. Nxf5+ 1-0

[Event "Wch Juvenil 2010 sub16 Femenino"]
[Site "Porto Carras GRE"]
[Date "2010.10.21"]
[Round "2.14"]
[White "Ivanenko, Olga I"]
[Black "Havanecz, Bianka"]
[Result "1/2-1/2"]
[WhiteElo "2108"]
[BlackElo "1948"]
[PlyCount "103"]
[EventDate "2010.10.20"]
[EventType "swiss"]
[EventRounds "11"]
[EventCountry "GRE"]
[Source "lmi"]
[SourceDate "2010.10.20"]

1. e4 c5 2. Nf3 d6 3. d4 cxd4 4. Nxd4 Nf6 5. Nc3 a6 6. g3 e5 7. Nb3 Be7 8. Bg2
O-O 9. O-O b5 10. Nd5 Bb7 11. a4 Nxd5 12. exd5 Nd7 13. Qd3 bxa4 14. Rxa4 f5 15.
Na5 Bc8 16. Be3 e4 17. Qd2 Bf6 18. c4 Ne5 19. f3 Bd7 20. Ra2 exf3 21. Bxf3 Qc7
22. Bg2 Rfe8 23. c5 Ng4 24. cxd6 Qxd6 25. Nc4 Qf8 26. d6 Rab8 27. Ba7 Rb5 28.
Rxa6 Qf7 29. b3 Rf8 30. Rb6 Rxb6 31. Nxb6 Be6 32. d7 Ne5 33. Re1 Rd8 34. Qd6
Kh8 35. Bc6 Nxd7 36. Nxd7 Bxd7 37. Bd5 Qf8 38. Qc7 Re8 39. Rf1 Bb5 40. Rxf5 Qb4
41. Bc4 Bxc4 42. Qxc4 Qb7 43. Bf2 Rb8 44. Rc5 h6 45. b4 Be7 46. Rc7 Qxb4 47.
Qe6 Bf6 48. Kg2 Qb5 49. Qf7 Qe8 50. Qc4 Qe5 51. Rd7 Re8 52. Qd5 1/2-1/2

[Event "Wch Juvenil 2010 sub16 Femenino"]
[Site "Porto Carras GRE"]
[Date "2010.10.22"]
[Round "3.1"]
[White "Neuhauser, Salome"]
[Black "Arabidze, Meri"]
[Result "0-1"]
[WhiteElo "2064"]
[BlackElo "2288"]
[PlyCount "62"]
[EventDate "2010.10.20"]
[EventType "swiss"]
[EventRounds "11"]
[EventCountry "GRE"]
[Source "lmi"]
[SourceDate "2010.10.20"]

1. d4 Nf6 2. c4 e6 3. Nc3 Bb4 4. Qc2 O-O 5. e4 d5 6. e5 Ne4 7. a3 Bxc3+ 8. bxc3
c5 9. Bb2 cxd4 10. cxd4 Qa5+ 11. Ke2 h6 12. h4 f6 13. Rh3 fxe5 14. f3 Nf6 15.
dxe5 Nh5 16. g3 Bd7 17. Bc3 Qc5 18. Bb4 Qxg1 19. Bxf8 Kxf8 20. cxd5 Nxg3+ 21.
Rxg3 Qxg3 22. Qc7 exd5 23. Rc1 Qh2+ 24. Kd1 Ba4+ 25. Ke1 Qxh4+ 26. Ke2 Bb5+ 27.
Kd1 Qd4+ 28. Kc2 Ba4+ 29. Kb1 Nc6 30. Qd6+ Ne7 31. Bh3 Qb6+ 0-1

[Event "Wch Juvenil 2010 sub16 Femenino"]
[Site "Porto Carras GRE"]
[Date "2010.10.22"]
[Round "3.2"]
[White "Zmarzly, Aleksandra"]
[Black "Ziaziulkina, Nastassia"]
[Result "0-1"]
[WhiteElo "2063"]
[BlackElo "2284"]
[PlyCount "90"]
[EventDate "2010.10.20"]
[EventType "swiss"]
[EventRounds "11"]
[EventCountry "GRE"]
[Source "lmi"]
[SourceDate "2010.10.20"]

1. d4 Nf6 2. c4 e6 3. Nc3 Bb4 4. f3 O-O 5. e4 d5 6. e5 Nfd7 7. cxd5 exd5 8. a3
Bxc3+ 9. bxc3 f6 10. exf6 Qxf6 11. Bd3 Nb6 12. Ne2 Bf5 13. O-O Bxd3 14. Qxd3
Nc6 15. Bf4 Rf7 16. Bg3 Re8 17. Ra2 Rfe7 18. Bf2 Na5 19. Nc1 Nbc4 20. Qb1 Qg5
21. Qb4 b6 22. Nb3 Nxb3 23. Qxb3 Nd2 24. Rxd2 Qxd2 25. Qxd5+ Kh8 26. c4 Re2 27.
h3 h6 28. Qd7 R8e7 29. Qc8+ Kh7 30. Qf5+ g6 31. Qf6 Qb2 32. h4 R2e6 33. Qf4
Qxa3 34. d5 Re2 35. h5 Qd3 36. Bd4 Qf5 37. hxg6+ Qxg6 38. g4 Rf7 39. Qg3 Qd3
40. Ba1 Qe3+ 41. Kh1 Re7 42. Bf6 Re1 43. Rxe1 Qxe1+ 44. Qxe1 Rxe1+ 45. Kg2 Rc1
0-1

[Event "Wch Juvenil 2010 sub16 Femenino"]
[Site "Porto Carras GRE"]
[Date "2010.10.22"]
[Round "3.3"]
[White "Schulz, Anja"]
[Black "Danelia, Mariam"]
[Result "1-0"]
[WhiteElo "2052"]
[BlackElo "2213"]
[PlyCount "83"]
[EventDate "2010.10.20"]
[EventType "swiss"]
[EventRounds "11"]
[EventCountry "GRE"]
[Source "lmi"]
[SourceDate "2010.10.20"]

1. e4 c5 2. Nf3 d6 3. d4 cxd4 4. Nxd4 Nf6 5. Nc3 a6 6. Bg5 e6 7. f4 Be7 8. Qf3
Qc7 9. O-O-O Nbd7 10. Bd3 h6 11. Bh4 g5 12. fxg5 Ne5 13. Qe2 Nfg4 14. h3 hxg5
15. Bg3 Nf6 16. Kb1 Nh5 17. Bh2 Nf4 18. Qf2 Qc5 19. Bxf4 gxf4 20. Be2 Ng6 21.
Rhf1 Bd7 22. Bg4 Rh7 23. g3 fxg3 24. Qxg3 Qe5 25. Qg1 O-O-O 26. Nb3 Kb8 27. Qb6
Rc8 28. Na5 Rc7 29. Nd5 exd5 30. Bxd7 Bf6 31. Nc6+ Rxc6 32. Bxc6 Qxb2+ 33. Qxb2
Bxb2 34. Bxd5 Be5 35. Rxf7 Rxh3 36. Rxb7+ Kc8 37. Rf7 Rh4 38. a4 Kd8 39. Rg1
Ne7 40. Ka2 a5 41. Rb1 Rh2 42. Rf8+ 1-0

[Event "Wch Juvenil 2010 sub16 Femenino"]
[Site "Porto Carras GRE"]
[Date "2010.10.22"]
[Round "3.4"]
[White "Aflalo, Sophie"]
[Black "Hakimifard, Ghazal"]
[Result "0-1"]
[WhiteElo "2051"]
[BlackElo "2173"]
[PlyCount "93"]
[EventDate "2010.10.20"]
[EventType "swiss"]
[EventRounds "11"]
[EventCountry "GRE"]
[Source "lmi"]
[SourceDate "2010.10.20"]

1. e4 c5 2. Nf3 e6 3. d4 cxd4 4. Nxd4 a6 5. Bd3 Nf6 6. O-O Qc7 7. Qe2 d6 8. c4
g6 9. Be3 Bg7 10. Nc3 O-O 11. f3 Nbd7 12. Rac1 b6 13. b4 Bb7 14. a4 Ne5 15. Nb3
Rac8 16. Nd1 Nfd7 17. a5 Nxd3 18. Qxd3 Rfd8 19. Qe2 bxa5 20. Nxa5 Re8 21. Nb2
f5 22. c5 dxc5 23. Nbc4 Ba8 24. Qd2 Bf8 25. exf5 exf5 26. Bf4 Qa7 27. Be3 Red8
28. Rfd1 Be7 29. Qa2 Kg7 30. Nd6 Bxd6 31. Rxd6 Nf6 32. Bh6+ Kxh6 33. Qd2+ Kg7
34. Rxd8 cxb4+ 35. Kf1 Rxc1+ 36. Qxc1 Bd5 37. Rc8 Qd4 38. Rc7+ Bf7 39. Nc6 Qd6
40. Na5 Nd5 41. Rc6 Qxh2 42. Qb2+ Kh6 43. Nc4 Nf4 44. Qf2 Be8 45. Rd6 Bb5 46.
Rd4 Qh1+ 47. Qg1 0-1

[Event "Wch Juvenil 2010 sub16 Femenino"]
[Site "Porto Carras GRE"]
[Date "2010.10.22"]
[Round "3.5"]
[White "Chumpitaz, Ann"]
[Black "Skrabakova, Katarina"]
[Result "1-0"]
[WhiteElo "2150"]
[BlackElo "2038"]
[PlyCount "63"]
[EventDate "2010.10.20"]
[EventType "swiss"]
[EventRounds "11"]
[EventCountry "GRE"]
[Source "lmi"]
[SourceDate "2010.10.20"]

1. e4 e6 2. d4 d5 3. Nc3 Nf6 4. e5 Nfd7 5. f4 c5 6. Nf3 Nc6 7. Be3 Be7 8. Qd2
O-O 9. Bd3 a6 10. O-O b5 11. a3 Qb6 12. Qf2 cxd4 13. Nxd4 Nxd4 14. Bxd4 Bc5 15.
Ne2 Bxd4 16. Nxd4 Nc5 17. Be2 Ne4 18. Qe3 Bb7 19. c3 Bc6 20. Rf3 a5 21. Rc1
Rab8 22. Rh3 Be8 23. Bd3 h6 24. Bxe4 dxe4 25. Qxe4 b4 26. axb4 axb4 27. Kh1
bxc3 28. bxc3 Qb2 29. Rg1 Rc8 30. Qd3 Ba4 31. Qg3 Kh8 32. f5 1-0

[Event "Wch Juvenil 2010 sub16 Femenino"]
[Site "Porto Carras GRE"]
[Date "2010.10.22"]
[Round "3.6"]
[White "Ibrahimova, Sabina Oqtay Qizi"]
[Black "Saranya, J."]
[Result "1-0"]
[WhiteElo "2029"]
[BlackElo "2121"]
[PlyCount "79"]
[EventDate "2010.10.20"]
[EventType "swiss"]
[EventRounds "11"]
[EventCountry "GRE"]
[Source "lmi"]
[SourceDate "2010.10.20"]

1. e4 c5 2. Nf3 d6 3. d4 cxd4 4. Nxd4 Nf6 5. Nc3 a6 6. f4 e5 7. Nf3 Nbd7 8. Bd3
Be7 9. O-O b5 10. a3 Bb7 11. Qe1 O-O 12. fxe5 dxe5 13. Kh1 Qc7 14. Nh4 g6 15.
Bh6 Rfd8 16. Nf5 Bf8 17. Bxf8 Rxf8 18. Ne3 Qb6 19. Rf3 Kg7 20. Qh4 Rae8 21.
Raf1 Re6 22. Rh3 h5 23. Qg3 Rh8 24. Qg5 Kf8 25. Rhf3 Rh7 26. a4 b4 27. Ncd5
Bxd5 28. exd5 Re7 29. Rxf6 Nxf6 30. Rxf6 Qd4 31. Rxa6 b3 32. Bb5 Qf4 33. Qf6
Qxf6 34. Rxf6 Kg7 35. Rf1 bxc2 36. Nxc2 f5 37. d6 Ra7 38. d7 Rh8 39. Nb4 e4 40.
d8=Q 1-0

[Event "Wch Juvenil 2010 sub16 Femenino"]
[Site "Porto Carras GRE"]
[Date "2010.10.22"]
[Round "3.7"]
[White "Iwanow, Anna"]
[Black "Ainutdinova, Yekaterina"]
[Result "1/2-1/2"]
[WhiteElo "2112"]
[BlackElo "1999"]
[PlyCount "82"]
[EventDate "2010.10.20"]
[EventType "swiss"]
[EventRounds "11"]
[EventCountry "GRE"]
[Source "lmi"]
[SourceDate "2010.10.20"]

1. e4 e5 2. Nf3 Nc6 3. Bb5 a6 4. Ba4 Nf6 5. O-O Be7 6. Re1 b5 7. Bb3 d6 8. c3
O-O 9. h3 Bb7 10. d4 Re8 11. Nbd2 Bf8 12. d5 Nb8 13. Nf1 Nbd7 14. N3h2 Nc5 15.
Bc2 c6 16. b4 Ncd7 17. dxc6 Bxc6 18. Bg5 Qc7 19. Bxf6 Nxf6 20. Ng4 Nxg4 21.
hxg4 g6 22. Bb3 Bh6 23. Qd3 Bd7 24. Qg3 Bf4 25. Qf3 Be6 26. g3 Bg5 27. Red1
Rac8 28. Rd3 Qb6 29. Rad1 Rc6 30. Nd2 Rec8 31. Nb1 Be7 32. Kg2 Qc7 33. Qe2 Bc4
34. Bxc4 Rxc4 35. Qe3 Qb7 36. Rd5 f6 37. Rh1 Bf8 38. Qf3 Be7 39. Qe3 Bf8 40.
Qf3 Be7 41. Qe3 Bf8 1/2-1/2

[Event "Wch Juvenil 2010 sub16 Femenino"]
[Site "Porto Carras GRE"]
[Date "2010.10.22"]
[Round "3.8"]
[White "Vujnovic, Patricija"]
[Black "Gagare, Shalmali"]
[Result "0-1"]
[WhiteElo "1921"]
[BlackElo "2110"]
[PlyCount "76"]
[EventDate "2010.10.20"]
[EventType "swiss"]
[EventRounds "11"]
[EventCountry "GRE"]
[Source "lmi"]
[SourceDate "2010.10.20"]

1. d4 Nf6 2. Nf3 g6 3. c4 Bg7 4. Nc3 O-O 5. Bg5 c5 6. e3 cxd4 7. exd4 d5 8.
cxd5 Nxd5 9. Bc4 Nb6 10. Bb3 Nc6 11. d5 Na5 12. O-O h6 13. Bf4 Bg4 14. h3 Bxf3
15. Qxf3 Nxb3 16. axb3 Qd7 17. Rac1 Qf5 18. g4 Qd7 19. Rfe1 Kh7 20. Rcd1 Rae8
21. Rd2 Nc8 22. Rde2 Rd8 23. Be5 Bxe5 24. Rxe5 Kg7 25. Qe3 Qc7 26. Nb5 Qb8 27.
Qd4 Kh7 28. Qc5 a6 29. Nc3 Qd6 30. Na4 b5 31. Qd4 bxa4 32. Qxa4 Rd7 33. b4 Nb6
34. Qxa6 Nxd5 35. Qc4 e6 36. b5 g5 37. Qd3+ Kg8 38. Qg3 Nf4 0-1

[Event "Wch Juvenil 2010 sub16 Femenino"]
[Site "Porto Carras GRE"]
[Date "2010.10.22"]
[Round "3.9"]
[White "Bacic, Kristina"]
[Black "Perera Borrego, Mariela"]
[Result "1/2-1/2"]
[WhiteElo "1796"]
[BlackElo "2068"]
[PlyCount "92"]
[EventDate "2010.10.20"]
[EventType "swiss"]
[EventRounds "11"]
[EventCountry "GRE"]
[Source "lmi"]
[SourceDate "2010.10.20"]

1. d4 d5 2. Nf3 Nf6 3. Bg5 Ne4 4. Bf4 c5 5. c3 e6 6. e3 Qb6 7. Qc2 Nc6 8. Nbd2
Nxd2 9. Qxd2 Bd7 10. Be2 Be7 11. O-O O-O 12. Ne5 Nxe5 13. Bxe5 Bb5 14. Bxb5
Qxb5 15. Rfe1 Rfd8 16. Qe2 Qxe2 17. Rxe2 Rac8 18. dxc5 f6 19. Bd6 Bxd6 20. cxd6
Rxd6 21. Rd2 Rdc6 22. Rad1 h5 23. f3 Ra6 24. a3 Rc4 25. Rd4 Rxd4 26. Rxd4 Rb6
27. Rd2 f5 28. Kf2 Kf7 29. f4 Ke7 30. Kf3 Rc6 31. Rd4 Kd6 32. h3 Rc8 33. g4
hxg4+ 34. hxg4 g6 35. gxf5 gxf5 36. Rd2 Rh8 37. Rg2 a5 38. Ke2 a4 39. Kd3 b5
40. Rf2 Kc5 41. Rg2 Rh6 42. Rf2 Kd6 43. Rg2 e5 44. fxe5+ Kxe5 45. Rf2 Rh3 46.
Rf4 Rh7 1/2-1/2

[Event "Wch Juvenil 2010 sub16 Femenino"]
[Site "Porto Carras GRE"]
[Date "2010.10.22"]
[Round "3.10"]
[White "Eid, Maha"]
[Black "Narva, Triin"]
[Result "1-0"]
[WhiteElo "2065"]
[BlackElo "1929"]
[PlyCount "119"]
[EventDate "2010.10.20"]
[EventType "swiss"]
[EventRounds "11"]
[EventCountry "GRE"]
[Source "lmi"]
[SourceDate "2010.10.20"]

1. d4 Nf6 2. c4 g6 3. Nc3 Bg7 4. e4 d6 5. Nf3 O-O 6. Be2 Nbd7 7. O-O e5 8. Re1
Kh8 9. Rb1 Ng8 10. d5 h6 11. g3 Nb6 12. b4 f5 13. Nh4 Kh7 14. exf5 Bxf5 15.
Nxf5 gxf5 16. Qc2 Kh8 17. f4 e4 18. Be3 Nf6 19. Rbd1 h5 20. Nb5 Ng4 21. Bxg4
hxg4 22. Nd4 Bxd4 23. Bxd4+ Kh7 24. h3 Rg8 25. Qh2 gxh3 26. Qxh3+ Kg6 27. Kg2
Nd7 28. Rh1 Nf6 29. Bxf6 Kxf6 30. Qh4+ Kf7 31. Qh7+ Rg7 32. Qxf5+ Qf6 33. Qxf6+
Kxf6 34. Rde1 Rag8 35. Re3 Re8 36. Rh5 Ree7 37. Kf2 Rg6 38. Ke1 a6 39. a4 b6
40. Kd2 a5 41. b5 Reg7 42. Rh3 Kf5 43. Kc3 Rg8 44. Kd4 R8g7 45. Rxe4 Rxg3 46.
Rxg3 Rxg3 47. Re7 Kxf4 48. Rf7+ Kg4 49. Rxc7 Ra3 50. Rc6 Rxa4 51. Rxd6 Kf5 52.
Rxb6 Ra1 53. Ra6 a4 54. Kc3 Ke5 55. Kb2 Rd1 56. Rxa4 Kd4 57. b6 Rd2+ 58. Kb3
Rd1 59. Ra2 Rd3+ 60. Kb4 1-0

[Event "Wch Juvenil 2010 sub16 Femenino"]
[Site "Porto Carras GRE"]
[Date "2010.10.22"]
[Round "3.11"]
[White "Nguyen, Thi Mai Hung"]
[Black "Zhu, Ying"]
[Result "1-0"]
[WhiteElo "2258"]
[BlackElo "1992"]
[PlyCount "83"]
[EventDate "2010.10.20"]
[EventType "swiss"]
[EventRounds "11"]
[EventCountry "GRE"]
[Source "lmi"]
[SourceDate "2010.10.20"]

1. d4 Nf6 2. Bf4 e6 3. e3 Be7 4. Nf3 c5 5. c3 O-O 6. Nbd2 d5 7. Bd3 Nbd7 8. h4
b6 9. Ne5 Bb7 10. Qf3 Ne8 11. Qh3 Kh8 12. Ndf3 Nxe5 13. dxe5 d4 14. exd4 cxd4
15. Nxd4 Bc5 16. Ne2 Nc7 17. Bc2 Qd5 18. O-O Qc6 19. Rad1 Rad8 20. Bg5 Rxd1 21.
Rxd1 f6 22. exf6 gxf6 23. Bh6 Rg8 24. Ng3 f5 25. Bg5 Rg6 26. Rd8+ Ne8 27. Bb3
h6 28. Bf4 Be7 29. h5 Rg4 30. Be5+ Kh7 31. Rd4 Nf6 32. f3 Rg7 33. Nxf5 exf5 34.
Qxf5+ Kh8 35. Rf4 Bc8 36. Qd3 Qc5+ 37. Qd4 Qxd4+ 38. cxd4 Nxh5 39. Rf7 Bb4 40.
a3 Bd2 41. Rf8+ Kh7 42. Bc2+ 1-0

[Event "Wch Juvenil 2010 sub16 Femenino"]
[Site "Porto Carras GRE"]
[Date "2010.10.22"]
[Round "3.12"]
[White "Aranaz Murillo, Amalia"]
[Black "Dalemans, Diana"]
[Result "1-0"]
[WhiteElo "2154"]
[BlackElo "1921"]
[PlyCount "120"]
[EventDate "2010.10.20"]
[EventType "swiss"]
[EventRounds "11"]
[EventCountry "GRE"]
[Source "lmi"]
[SourceDate "2010.10.20"]

1. Nf3 Nf6 2. c4 g6 3. Nc3 Bg7 4. e4 d6 5. d4 O-O 6. Be2 e5 7. d5 a5 8. Bg5 h6
9. Bh4 Na6 10. Nd2 Qe8 11. O-O Nh7 12. a3 Bd7 13. f3 h5 14. b3 Bh6 15. Bf2 Qe7
16. Ra2 h4 17. Qc2 Bf4 18. Rb1 Qg5 19. Kh1 Nf6 20. Nf1 Nh5 21. Bd3 Kg7 22. b4
axb4 23. axb4 Rh8 24. c5 Ng3+ 25. Kg1 dxc5 26. bxc5 Nh5 27. c6 Bh3 28. Bxh4
Qxh4 29. cxb7 Rab8 30. gxh3 Nc5 31. Ba6 Nxa6 32. Rxa6 Qxh3 33. Qg2 Qh4 34. Ne2
Qe7 35. Ra5 Bh6 36. Neg3 Bg5 37. Nxh5+ Rxh5 38. Ra8 Rhh8 39. Rxb8 Rxb8 40. Kh1
Bf4 41. Qc2 Qa3 42. Rb3 Qa6 43. Qb1 Qe2 44. Qd3 Qxd3 45. Rxd3 Rxb7 46. Rc3 Rb1
47. Kg2 Rc1 48. Rxc1 Bxc1 49. Kg3 f5 50. Kf2 Bf4 51. Ng3 Kf6 52. h4 Bxg3+ 53.
Kxg3 Kg7 54. Kg2 Kh6 55. f4 fxe4 56. fxe5 Kg7 57. Kf2 Kf7 58. Ke3 c6 59. dxc6
Ke7 60. Kxe4 Ke6 1-0

[Event "Wch Juvenil 2010 sub16 Femenino"]
[Site "Porto Carras GRE"]
[Date "2010.10.23"]
[Round "4.1"]
[White "Arabidze, Meri"]
[Black "Eid, Maha"]
[Result "1-0"]
[WhiteElo "2288"]
[BlackElo "2065"]
[PlyCount "38"]
[EventDate "2010.10.20"]
[EventType "swiss"]
[EventRounds "11"]
[EventCountry "GRE"]
[Source "lmi"]
[SourceDate "2010.10.20"]

1. d4 e6 2. c4 b6 3. a3 Ba6 4. Qb3 d5 5. cxd5 exd5 6. Nc3 c6 7. Nf3 Nf6 8. Bg5
Be7 9. Bxf6 Bxf6 10. e4 Bxf1 11. Rxf1 dxe4 12. Nxe4 O-O 13. O-O-O Nd7 14. Kb1
Qc7 15. Rfe1 Rae8 16. Ka1 a5 17. Re3 b5 18. Rde1 Bd8 19. Qc2 g6 1-0

[Event "Wch Juvenil 2010 sub16 Femenino"]
[Site "Porto Carras GRE"]
[Date "2010.10.23"]
[Round "4.2"]
[White "Ziaziulkina, Nastassia"]
[Black "Schulz, Anja"]
[Result "1-0"]
[WhiteElo "2284"]
[BlackElo "2052"]
[PlyCount "65"]
[EventDate "2010.10.20"]
[EventType "swiss"]
[EventRounds "11"]
[EventCountry "GRE"]
[Source "lmi"]
[SourceDate "2010.10.20"]

1. e4 c5 2. Nf3 d6 3. d4 cxd4 4. Nxd4 Nf6 5. Nc3 a6 6. Bg5 Nbd7 7. Qe2 Qc7 8.
O-O-O e6 9. f4 Be7 10. g4 h6 11. Bxf6 Nxf6 12. Bg2 Bd7 13. h4 O-O-O 14. g5 Nh7
15. Kb1 g6 16. Bh3 Kb8 17. f5 Rc8 18. f6 Bf8 19. Nf3 Qc5 20. Qd2 Bc6 21. Bg2 b5
22. a3 Kc7 23. Rhe1 Rb8 24. Na2 Qb6 25. Nb4 Ba8 26. Ne5 a5 27. Nxf7 Rg8 28.
Qc3+ Kb7 29. Nxd6+ Bxd6 30. Rxd6 Qc7 31. e5+ Kc8 32. Qxc7+ Kxc7 33. Na6+ 1-0

[Event "Wch Juvenil 2010 sub16 Femenino"]
[Site "Porto Carras GRE"]
[Date "2010.10.23"]
[Round "4.3"]
[White "Hakimifard, Ghazal"]
[Black "Ibrahimova, Sabina Oqtay"]
[Result "1-0"]
[WhiteElo "2173"]
[BlackElo "2029"]
[PlyCount "87"]
[EventDate "2010.10.20"]
[EventType "swiss"]
[EventRounds "11"]
[EventCountry "GRE"]
[Source "lmi"]
[SourceDate "2010.10.20"]

1. e4 c5 2. Nf3 Nc6 3. Bb5 g6 4. Bxc6 dxc6 5. h3 Nf6 6. Nc3 Bg7 7. d3 O-O 8.
Be3 b6 9. Qd2 Ne8 10. Bh6 Qc7 11. Bxg7 Kxg7 12. e5 Be6 13. Qe3 Qd7 14. O-O Nc7
15. Rad1 Bd5 16. Nh2 f5 17. f4 Rad8 18. Ne2 Bf7 19. b3 a5 20. Nf3 a4 21. c4
axb3 22. axb3 Qc8 23. Rd2 h6 24. Rfd1 Qa8 25. d4 cxd4 26. Nexd4 c5 27. e6 cxd4
28. Qe5+ Kh7 29. exf7 Qc8 30. Qxe7 Rd7 31. Qh4 Ne6 32. Ne5 Rfxf7 33. Nxf7 Rxf7
34. Re2 Nc5 35. Re7 Qf8 36. Rxf7+ Qxf7 37. Rxd4 Ne6 38. Rd6 Kg7 39. Qe1 Nc5 40.
Rxb6 Ne4 41. Qa1+ Kh7 42. Ra6 Nc5 43. Ra7 Nd7 44. Qd4 1-0

[Event "Wch Juvenil 2010 sub16 Femenino"]
[Site "Porto Carras GRE"]
[Date "2010.10.23"]
[Round "4.4"]
[White "Gagare, Shalmali"]
[Black "Chumpitaz, Ann"]
[Result "1/2-1/2"]
[WhiteElo "2110"]
[BlackElo "2150"]
[PlyCount "71"]
[EventDate "2010.10.20"]
[EventType "swiss"]
[EventRounds "11"]
[EventCountry "GRE"]
[Source "lmi"]
[SourceDate "2010.10.20"]

1. d4 Nf6 2. c4 g6 3. Nc3 Bg7 4. Nf3 O-O 5. g3 d6 6. Bg2 c6 7. O-O Bf5 8. Re1
Ne4 9. Nh4 Nxc3 10. bxc3 Be6 11. Qd3 d5 12. cxd5 cxd5 13. Qb5 Qc7 14. Bf4 Qxc3
15. Qxb7 Qc6 16. Qxe7 Bxd4 17. Rac1 Qb6 18. e3 Bg7 19. e4 d4 20. e5 Na6 21.
Bxa8 Rxa8 22. Qd6 Rd8 23. Qxb6 axb6 24. Rc6 Nc5 25. Rxb6 h6 26. Nf3 g5 27. Bd2
g4 28. Nh4 Nd3 29. Reb1 Bxe5 30. a4 Nc5 31. R6b5 Bd6 32. a5 Ne4 33. Be1 Bc4 34.
R5b2 d3 35. Nf5 Be5 36. Rb4 1/2-1/2

[Event "Wch Juvenil 2010 sub16 Femenino"]
[Site "Porto Carras GRE"]
[Date "2010.10.23"]
[Round "4.5"]
[White "Perera Borrego, Mariela"]
[Black "Nguyen, Thi Mai Hung"]
[Result "0-1"]
[WhiteElo "2068"]
[BlackElo "2258"]
[PlyCount "138"]
[EventDate "2010.10.20"]
[EventType "swiss"]
[EventRounds "11"]
[EventCountry "GRE"]
[Source "lmi"]
[SourceDate "2010.10.20"]

1. d4 d5 2. Nf3 e6 3. c4 c6 4. Qc2 Nf6 5. Bg5 h6 6. Bxf6 Qxf6 7. e3 Nd7 8. Nc3
Be7 9. Rb1 a6 10. b4 O-O 11. Be2 b5 12. cxb5 cxb5 13. a4 bxa4 14. Nxa4 e5 15.
dxe5 Nxe5 16. Nxe5 Qxe5 17. Qc3 Qxc3+ 18. Nxc3 Bf5 19. Rb3 Be6 20. Rb1 Rfb8 21.
b5 axb5 22. Bxb5 Bf5 23. Ke2 Bxb1 24. Rxb1 Bd6 25. Nxd5 Ra5 26. Nc3 Be5 27. Bd3
Rxb1 28. Nxb1 Ra2+ 29. Kf3 Bxh2 30. g3 Bg1 31. Be2 g5 32. g4 h5 33. Nc3 Rc2 34.
Ne4 hxg4+ 35. Kg2 Rxe2 36. Kxg1 f5 37. Nxg5 Kg7 38. Ne6+ Kf6 39. Nf4 Ra2 40.
Kg2 Ke5 41. Kg3 Ke4 42. Kg2 Ke5 43. Kg3 Ra3 44. Ng6+ Ke6 45. Nf4+ Ke5 46. Ng6+
Kd5 47. Nf4+ Kc4 48. Kg2 Kc3 49. Ne2+ Kd3 50. Ng3 Ra5 51. Kg1 Kd2 52. Kf1 Rb5
53. Kg2 Ke1 54. Kg1 Ra5 55. Kg2 Ra2 56. Nh1 Rb2 57. Kg1 g3 58. fxg3 Re2 59. g4
fxg4 60. Ng3 Rxe3 61. Kg2 Rf3 62. Ne4 Ke2 63. Ng5 Rf5 64. Ne6 Rf6 65. Ng5 Rg6
66. Nf7 Ke3 67. Kg3 Ke4 68. Nd8 Kf5 69. Nb7 Rc6 0-1